Представление документа в формате MARC21

Поле Инд. ПП Название Значение
Тип записи a
Библиографический уровень m
001 _ Контрольный номер RU\infra-m\znanium\bibl\1489784
005 _ Дата корректировки 20250915104103.4
008 Кодируемые данные 210412s2021 RU g rus u
020 a ISBN 978-5-16-005133-8
020 a ISBN 978-5-16-103499-6
040 a Служба первич. каталог. Общество с ограниченной ответственностью «ЗНАНИУМ»
041 a Код языка текста rus
044 a Код страны публикации RU
080 a Индекс УДК 930(075.8)
084 2 Источник индекса rubbk
a Индекс другой классификации/Индекс ББК 63.2я73
084 2 Источник индекса okso
a Индекс другой классификации/Индекс ББК 46.04.01
084 2 Источник индекса okso
a Индекс другой классификации/Индекс ББК 46.04.02
084 2 Источник индекса okso
a Индекс другой классификации/Индекс ББК 46.03.01
084 2 Источник индекса okso
a Индекс другой классификации/Индекс ББК 46.03.02
100 1_ a Автор Григорьева Ирина Владимировна
q Полное имя Ирина Владимировна
245 a Заглавие Источниковедение новой и новейшей истории стран Европы и Америки
b Продолж. заглавия Учебное пособие
c Ответственность Московский государственный университет им. М.В. Ломоносова, исторический факультет
250 a Основные сведения об издании 1
260 a Место издания Москва
b Издательство ООО "Научно-издательский центр ИНФРА-М"
c Дата издания 2021
300 a Объем 287 с.
520 a Аннотация В учебном пособии на основе обширного фактического материала рассматриваются основные виды источников по новой и новейшей истории Европы и Америки.
521 a Примеч. о целев. назн. ВО - Бакалавриат
650 a Основная рубрика История. Исторические науки
x Основная подрубрика История частей света, отдельных стран и регионов
852 x Примечание, не предназначенное для пользователя znanium2022
856 4_ a Имя сервера/домена znanium.com
m Помощь ebs_support@infra-m.ru
n Местонахождение сервера НИЦ ИНФРА-М
u URL http://znanium.com/catalog/document?id=376758
z Примечание для пользователя Участвует в КО
856 41 a Имя сервера/домена znanium.com
d Путь /cover/1489
f Электронное имя 1489784.jpg
q Тип электронного формата image/jpeg
u URL https://znanium.com/cover/1489/1489784.jpg